Statistics for College Football on a Map: SEC

Click here to take the quiz!

General Stats

  • This quiz has been taken 68 times
  • The average score is 11 of 14

Answers on the Map

Answers color-coded by a green-red scale on the quiz's map according to % correct below.
 

Answer Stats

Answer% Correct
LSU
94%
Florida
92%
Texas A&M
92%
Arkansas
85%
South Carolina
85%
Georgia
83%
Kentucky
81%
Alabama
77%
Mississippi State
77%
Tennessee
77%
Missouri
73%
Ole Miss
71%
Auburn
69%
Vanderbilt
69%

Score Distribution

Percentile by Number Answered

Percent of People with Each Score

Your Score History

You have not taken this quiz